Wielki Quiz Muzyczny cz. II - Statystyki

Ogólne statystyki
  • Ten quiz został rozwiązany 1 928 razy
  • Średni wynik to 20 z 32
Statystyki odpowiedzi
Autor/Piosenka % Poprawnych
Mariah Carey - All I Want for {Christmas} Is You
91%
Celine Dion - My {Heart} Will Go On
87%
Bob Dylan - Knockin’ on Heaven’s {Door}
85%
Led Zeppelin - Stairway to {Heaven}
84%
Bon Jovi - Livin' on a {Prayer}
83%
Coolio - Gangsta's {Paradise}
82%
Metallica - Nothing Else {Matters}
82%
Bob Marley - No Woman No {Cry}
80%
Eagles - Hotel {California}
78%
Eurythmics - Sweet {Dreams}
77%
Pink Floyd - Another Brick in the {Wall}
76%
MC Hammer - U Can't {Touch} This
73%
Tina Turner - Simply the {Best}
70%
Elton John - I'm Still {Standing}
68%
Sting - Englishman in {New} {York}
64%
Bryan Adams - ({Everything} I Do) I Do It for You
61%
The Rolling Stones - (I Can’t Get No) {Satisfaction}
61%
Aerosmith - I Don't Want to Miss a {Thing}
59%
Roy Orbison - {Pretty} Woman
59%
The Rembrandts - I'll Be there {for} {You}
59%
Deep Purple - Smoke on the {Water}
57%
Cher - If I Could Turn Back {Time}
56%
Billy Joel - Uptown {Girl}
54%
Stevie Wonder - I Just {Called} to Say I Love You
54%
Bruce Springsteen - Born in the {USA}
52%
Ace of Base - All that She {Wants}
51%
George Harrison - I've Got My {Mind} Set on You
38%
Johnny Cash - Ring of {Fire}
37%
Freddie Mercury - Living on {My} {Own}
28%
Genesis - {Jesus} He Loves Me
24%
Lenny Kravitz - {American} Woman
16%
Elvis Presley - A Little Less {Conversation}
15%
Nie znaleziono quizów pasujących do podanych kryteriów
Rozkład punktacji
Procent ludzi z każdym wynikiem
Percentyl według liczby udzielonych odpowiedzi
Twoja historia wyników
Nie rozwiązałeś tego quizu